<?xml version="1.0" encoding="UTF-8"?>
<record
    xmlns:xsi="http://www.w3.org/2001/XMLSchema-instance"
    xsi:schemaLocation="http://www.loc.gov/MARC21/slim http://www.loc.gov/standards/marcxml/schema/MARC21slim.xsd"
    xmlns="http://www.loc.gov/MARC21/slim">

  <leader>00728nam a2200193 a 4500</leader>
  <controlfield tag="001">000020843</controlfield>
  <controlfield tag="005">20200930011156.0</controlfield>
  <controlfield tag="008">100818s1980    sz            000 0 spa d</controlfield>
  <datafield tag="020" ind1=" " ind2=" ">
    <subfield code="a">9243206559</subfield>
  </datafield>
  <datafield tag="040" ind1=" " ind2=" ">
    <subfield code="a">DO-SdBNP</subfield>
    <subfield code="b">spa</subfield>
    <subfield code="c">BPJMB</subfield>
  </datafield>
  <datafield tag="082" ind1=" " ind2=" ">
    <subfield code="a">614.43</subfield>
    <subfield code="b">O68r</subfield>
  </datafield>
  <datafield tag="110" ind1="1" ind2=" ">
    <subfield code="a">Organizaci&#xF3;n Mundial de la Salud</subfield>
    <subfield code="9">1056</subfield>
  </datafield>
  <datafield tag="245" ind1="1" ind2="0">
    <subfield code="a">Resistencia de los vectores de enfermedades a los plaguicidas :</subfield>
    <subfield code="b">quinto informe del comit&#xE9; de expertos de la OMS en biolog&#xED;a de los vectores y luchas antivectorial.</subfield>
  </datafield>
  <datafield tag="260" ind1=" " ind2=" ">
    <subfield code="a">Ginebra :</subfield>
    <subfield code="b">Organizaci&#xF3;n Mundial de la Salud,</subfield>
    <subfield code="c">1980.</subfield>
  </datafield>
  <datafield tag="490" ind1="1" ind2=" ">
    <subfield code="a">Informes T&#xE9;cnicos,</subfield>
    <subfield code="v">655</subfield>
  </datafield>
  <datafield tag="650" ind1=" " ind2="4">
    <subfield code="a">Artr&#xF3;podos vectores</subfield>
    <subfield code="9">43690</subfield>
  </datafield>
  <datafield tag="650" ind1=" " ind2="4">
    <subfield code="a">Plaguicidas</subfield>
    <subfield code="9">43691</subfield>
  </datafield>
  <datafield tag="830" ind1=" " ind2="0">
    <subfield code="a">Informes T&#xE9;cnicos,</subfield>
    <subfield code="v">655</subfield>
    <subfield code="9">43692</subfield>
  </datafield>
  <datafield tag="999" ind1=" " ind2=" ">
    <subfield code="c">20346</subfield>
    <subfield code="d">20346</subfield>
  </datafield>
</record>
